书目信息 |
| 题名: |
死亡哲学
|
|
| 作者: | 杨足仪, , 向鹭娟, 著 | |
| 分册: | ||
| 出版信息: | 北京 中国友谊出版公司 2018 |
|
| 页数: | 296页 | |
| 开本: | 24cm | |
| 丛书名: | ||
| 单 册: | ||
| 中图分类: | B086 | |
| 科图分类: | ||
| 主题词: | 死亡哲学--Si Wang Zhe Xue | |
| 电子资源: | ||
| ISBN: | 978-7-5057-4445-5 | |
| 000 | 01281nam0 2200277 450 | |
| 001 | 438789 | |
| 005 | 20140102113333.0 | |
| 010 | @a978-7-5057-4445-5@dCNY55.00 | |
| 099 | @aCAL 012019029369 | |
| 100 | @a20190313d2018 em y0chiy50 ea | |
| 101 | 0 | @achi |
| 102 | @aCN@b110000 | |
| 105 | @aa z 000yy | |
| 106 | @ar | |
| 200 | 1 | @a死亡哲学@ASi Wang Zhe Xue@e理性思考死亡, 感悟生命的意义@f杨足仪, 向鹭娟著 |
| 210 | @a北京@c中国友谊出版公司@d2018 | |
| 215 | @a296页@c图@d24cm | |
| 300 | @a华中师范大学12节精品公开课 | |
| 330 | @a很多人害怕死、恐惧死,觉得死亡是晦气的事情,敬而远之、闭口不谈。其实,死亡本身并不可怕,是我们对死亡的认知让其变得可怕。本书作者杨足仪在华中师范大学讲授死亡哲学多年,其深度而通俗的讲述得到了学生的喜爱。通过对人们面对死亡的惊异、渴望、漠视、解脱、礼赞、言和等的分析,她指出,死亡与生命一样是存在的一部分。当我们真正认识了死亡,我们也就真正认识了生命的意义。本书根据作者讲稿整理成书,让你更深刻地了解死亡,了解生命。 | |
| 517 | 1 | @a理性思考死亡, 感悟生命的意义@ALi Xing Si Kao Si Wang , Gan Wu Sheng Ming De Yi Yi |
| 606 | 0 | @a死亡哲学@ASi Wang Zhe Xue |
| 690 | @aB086@v5 | |
| 701 | 0 | @a杨足仪,@AYang Zu Yi@f1964-@4著 |
| 701 | 0 | @a向鹭娟,@AXiang Lu Juan@f1987-@4著 |
| 801 | 0 | @aCN@b上海新华@c20191020 |
| 905 | @b1186442-5@dB086@e109@f4 | |
| 死亡哲学:理性思考死亡, 感悟生命的意义/杨足仪, 向鹭娟著.-北京:中国友谊出版公司,2018 |
| 296页:图;24cm |
| 华中师范大学12节精品公开课 |
| ISBN 978-7-5057-4445-5:CNY55.00 |
| 很多人害怕死、恐惧死,觉得死亡是晦气的事情,敬而远之、闭口不谈。其实,死亡本身并不可怕,是我们对死亡的认知让其变得可怕。本书作者杨足仪在华中师范大学讲授死亡哲学多年,其深度而通俗的讲述得到了学生的喜爱。通过对人们面对死亡的惊异、渴望、漠视、解脱、礼赞、言和等的分析,她指出,死亡与生命一样是存在的一部分。当我们真正认识了死亡,我们也就真正认识了生命的意义。本书根据作者讲稿整理成书,让你更深刻地了解死亡,了解生命。 |
| ● |
| 相关链接 |
|
|
|
|
正题名:死亡哲学
索取号:B086/109
 
预约/预借
| 序号 | 登录号 | 条形码 | 馆藏地/架位号 | 状态 | 备注 |
| 1 | 1186442 | 211864428 | 第一样本阅览室/ [索取号:B086/109] | 在馆 | |
| 2 | 1186443 | 211864437 | 第一借阅区/ [索取号:B086/109] | 在馆 | |
| 3 | 1186444 | 211864446 | 第一借阅区/ [索取号:B086/109] | 在馆 | |
| 4 | 1186445 | 211864455 | 第一借阅区/ [索取号:B086/109] | 在馆 |